| 000 | 00000nam##2200000za#4500 |
| 001 | 9.687145 |
| 003 | CaOODSP |
| 005 | 20241203113636 |
| 007 | cr ||||||||||| |
| 008 | 150407|2005||||xxc|||||o f|0| 0 eng|d |
| 020 | |a0-662-38191-2 |
| 040 | |aCaOODSP|beng |
| 043 | |an-cn--- |
| 086 | 1 |aEn154-26/2004E-PDF |
| 110 | 1 |aCanada. |bEnvironment Canada. |
| 245 | 10|aSt. Lawrence plan for a sustainable development : |h[electronic resource]|bSt. Lawrence Plan 2005-2010 |
| 260 | |aSainte-Foy - Quebec : |bEnvironment Canada |cc2005. |
| 300 | |a14p.|bphotographs |
| 500 | |aThe catalogue number (En154-26/2004E) and ISBN (0-662-38190-4) for the print edition have been incorrectly copied in this electronic publication. |
| 590 | |a14-08-Supp|b2014-04-10 |
| 690 | 07|aSustainable development|2gcpds |
| 690 | 07|aAquatic ecosystems|2gcpds |
| 775 | 08|tPlan Saint-Laurent pour un développement durable : |w(CaOODSP)9.631607 |
| 856 | 40|ahttp://publications.gc.ca|qPDF|s415 KB|uhttps://publications.gc.ca/collections/collection_2014/ec/En154-26-2004-eng.pdf |